| 000 | 00385nam a2200145Ia 4500 | ||
|---|---|---|---|
| 008 | 220204s9999 xx 000 0 und d | ||
| 020 | _a748403043 | ||
| 082 |
_a528.235 _bBUG |
||
| 100 | _aBugayevsky, Lev M | ||
| 245 | 0 | _aMap projections : A reference manual | |
| 260 |
_aUK _bTaylor & Francis _c2002 |
||
| 650 | _aMathematical cartography | ||
| 700 | _aSnyder, John P | ||
| 942 | _cBK | ||
| 999 |
_c42238 _d42238 |
||